Analysis of molecular gastronomy and its practice in Budapest

Bibliographic Details
Main Author: Gömöry Dóra
Other Authors: Sándor Dr. Dénes
Format: Thesis
Kulcsszavak:History of Molecular Gastronomy
Foreign representatives of molecular gastronomy
Food additives and techniques in molecular gastronomy
Molecular gastronomy tools
Molecular Gastronomy in Hungary and Budapest
SWOT analysis of molecular gastronomy in Budapest
Online Access:http://dolgozattar.uni-bge.hu/5105

MARC

LEADER 00000nta a2200000 i 4500
001 dolg5105
005 20160705120019.0
008 160506suuuu hu om 000 eng d
040 |a BGE Dolgozattár Repozitórium  |b hun 
041 |a en 
100 1 |a Gömöry Dóra 
245 1 0 |a Analysis of molecular gastronomy and its practice in Budapest  |c Gömöry Dóra  |h [elektronikus dokumentum] 
246 1 1 |a A molekuláris gasztronómia analízise és gyakorlata Budapesten 
246 1 1 |a Analysis of molecular gastronomy and its practice in Budapest 
695 |a History of Molecular Gastronomy 
695 |a Foreign representatives of molecular gastronomy 
695 |a Food additives and techniques in molecular gastronomy 
695 |a Molecular gastronomy tools 
695 |a Molecular Gastronomy in Hungary and Budapest 
695 |a SWOT analysis of molecular gastronomy in Budapest 
700 1 |a Sándor Dr. Dénes  |e ths 
856 4 0 |u http://dolgozattar.uni-bge.hu/5105/1/Go%CC%88mo%CC%88ry%20Do%CC%81ra%20Dissertation-2016..pdf  |z Dokumentum-elérés